000 00582nam a2200193Ia 4500
008 140321s9999 xx 000 0 und d
020 _a9780415883269
050 _aTK 510.888
_b.Ap63 2013
100 _aApplen, J.D.
245 _aWriting for the web :
_bcomposing, coding, and costructing web sites /
_cJ.D. Applen.
260 _aNew York :
_bCRC Press, Taylor and Francis,
_cc2013.
300 _a315 p. :
_bill. ;
_c23 cm.
500 _aIncludes index.
521 _aIT
650 _aOnline authorship.
650 _aWeb sites
_xDesign.
942 _kFOR
_cBK
999 _c48669
_d48669